| 000 | 00760nam a22002417a 4500 | ||
|---|---|---|---|
| 005 | 20170124110210.0 | ||
| 010 | _aB-036303 | ||
| 020 | _c225.00 | ||
| 035 | _aB-036303 | ||
| 037 | _bCen Lib/Ret | ||
| 040 |
_aDPL _bEN |
||
| 082 |
_a000 _bDHA |
||
| 100 |
_aDhawan, V. _937981 |
||
| 245 |
_aAcademic IIIT adm test kit / _cby V.Dhawan;B.R. Kishore [and] R. S. Arora |
||
| 260 |
_aNew Delhi _bAcademic Publishers _c2001 |
||
| 270 |
_aB-9, Ratan Jyoti Building 18, Rajendra Place _bNew Delhi _e110008 |
||
| 300 |
_aVarious Pages _c25cm(Hb) |
||
| 650 |
_aGeneral Knowledge _937982 |
||
| 650 |
_aIIIT Admission Kit -Mathmatics _937983 |
||
| 700 |
_937914 _aKishore , B.R. |
||
| 700 |
_aArora ,R. S. _936341 |
||
| 942 |
_2ddc _cEN _h000 _mDHA |
||
| 999 |
_c133451 _d133451 |
||